000 00655nam a2200241Ia 4500
003 OSt
005 20220918212101.0
006 a|||||r|||| 00| 0
007 ta
008 220917b |||||||| |||| 00| 0 eng d
024 _a127,161
037 _cTextual
040 _aARTS
_cARTS
_beng
041 _2eng
_aeng
082 _aXv1:N3, J1;M0
100 _aGray Alexander
_9122399
245 0 _aDevelopment of economic doctrine
_b an introduction survey
260 _aNew York
_bLongman
_c1980
300 _axvi,474p.
_ccm.
650 _aECONOMICS
942 _hXv1:N3, J1;M0
_cTEXL
_2CC
999 _c250303
_d250303